000 01188nam a2200229 i 4500
001 161677
003 ES-MaACL
005 20251116063109.0
008 981215m18691880sp |||| | spa d
100 2 _aPeñalver y Peñalver, Narciso José,
_cConde de,
_dm.1881
_9131099
245 1 0 _aSuma filosófica del siglo XIX
_b: o sea, defensa del catolicismo contra sus modernos adversarios : colección de documentos demostrativos de la doctrina de la Iglesia : en el orden dogmático, sobrenatural, filosófico, científico, político y social /
_cformada por N. J. P. y P.
260 _aBarcelona :
_bLibrería Católica de José Pons,
_c1869-1880 (
_fImp. de Miguel González)
300 _a5 v. ;
_c23 cm.
595 _aExiste otra ed. del mismo editor con la mención de responsabilidad desarrollado en port. y otras diferencias tipográficas.
597 _aAntep.
597 _aTexto a dos col.
597 _aT.I (XVIII, 598 p.) - T.II (1644 p.) - T.III (XXIV, 1700 p.) - T.IV (897 p.) - T.V (LXVIII, 1664 p.)
610 2 4 _aIglesia Católica
_94639
610 2 4 _aMasonería
_95658
852 _aES-MaACL
_jG-7817-21
_z- Enc. pasta española
999 _c161677
_d161677